000 00901cam a2200277 i 4500
003 DO-SdBNP
005 20240708111352.0
008 100514s 1981sp a | |||| 000 spa
015 _a
017 _a
_b
020 _a8449417856 (obra completa)
035 _a
040 _aBPMSU
_bspa
_cBPMSU
_e
080 _a
082 4 _aR036.1
_bM965m 2004
_222
245 0 0 _aEl mundo mágico de los niños :
_bmi primera enciclopedia. /
_c
_h
260 _aBarcelona :
_bEditorial Océano,
_c2004
300 _a5v.:
_bil. ;
_c27 cm.
505 0 _av.1 : La historia y la cultura -- v.2 Nuestro planeta -- v.3 : Grandes descubrimientos -- v.4 : Nosotros y nuestros entorno.
506 _a
590 _aInventariado, 2024/VM
650 4 _a Enciclopedia y diccionarios para niños
650 4 _aLibros ilustrados infantiles
910 _aVMateo V. Control de calidad. BPMSU
942 _2ddc
_cBK
999 _c14722
_d14722